The Machu Picchu Charter /
La Carta de Machu Picchu -firmada el 12 de diciembre de 1977- es una actualización de la Carta de Atenas de 1933, máxima de principios sobre urbanismo, a la que se le replantean once de sus noventa y cinco puntos originales: 1.- Ciudad y región; 2.- El crecimiento urbano; 3.- Concepto de sector; 4.-...
保存先:
| フォーマット: | 図書 |
|---|---|
| 言語: | 英語 |
| 主題: | |
| タグ: |
タグなし, このレコードへの初めてのタグを付けませんか!
|
MARC
| LEADER | 00000nam^a2200000^a^4500 | ||
|---|---|---|---|
| 001 | 000188854 | ||
| 005 | 20250521000000.0 | ||
| 009 | 20260310102353.895 | ||
| 037 | |a Acervo ITESO - Biblioteca | ||
| 041 | |a ING | ||
| 082 | |a 711. 01 |b MAC | ||
| 240 | 1 | 4 | |a [La Carta de Machu Pichu] |
| 245 | 0 | 4 | |a The Machu Picchu Charter / |
| 246 | 2 | |a Título en la cubierta: Carta de Machu Pichu: ponencia presentada por un grupo internacional de arquitectos firmante de la carta: XII Congreso Mundial de la Unión Internacional de Arquitectos | |
| 264 | |a México : |b Carta de Machu Picchu, |c 1978 | ||
| 300 | |a 10 p. | ||
| 336 | |a texto |b txt |2 rdacontenido | ||
| 337 | |a sin mediación |b n |2 rdamedio | ||
| 338 | |a volumen |b nc |2 rdasoporte | ||
| 520 | |a La Carta de Machu Picchu -firmada el 12 de diciembre de 1977- es una actualización de la Carta de Atenas de 1933, máxima de principios sobre urbanismo, a la que se le replantean once de sus noventa y cinco puntos originales: 1.- Ciudad y región; 2.- El crecimiento urbano; 3.- Concepto de sector; 4.- Vivienda; 5.- Transporte en las ciudades; 6.- Disponibilidad del suelo urbano; 7.- Recursos naturales y ornamentación ambiental; 8.- Preservación y defensa de los valores culturales y patrimonio histórico-monumental; 9.- Tecnología; 10.- Implementación; 11.- Diseño Urbano y Arquitectónico. | ||
| 649 | |a XX | ||
| 650 | |a Planeación Urbana - |x Teoría | ||
| 650 | |a Urbanismo - |x Teoría - |x Tema Principal | ||
| 650 | |a Arquitectura y Sociedad | ||
| 650 | |a Arquitectura Moderna - |x Teoría | ||
| 650 | |a Arte - |x Teoría | ||
| 650 | |a Sociología Urbana | ||
| 910 | |a Fondo Julio de la Peña Lomelín | ||
| 920 | |a Impresos - Libros | ||
| 930 | |a Arquitectos Jaliscienses | ||
| 905 | |a 115 | ||
| 901 | |a 0500131563 |b IT1 |c JAL |u 20250521 | ||
| 902 | |a https://opac.biblio.iteso.mx/vufind/Record/000188854 | ||